000 00548nam a2200205Ia 4500
003 OSt
005 20230426143839.0
008 210423s2011 xx 000 0 und d
020 _a9780521735537
040 _cAL
041 _aeng
082 _a821.04209 COUA
_223
100 _aCOUSINS (A D); HOWARTH (Peter).
_993501
245 _aCambridge companion to sonnet.
260 _aNew Delhi
_bCambridge University Press
_c2011
300 _ax,280
_bPB
365 _b1815.44
_cINR
906 _aCambridge ; companion ; sonnet.
942 _2ddc
_cBK
999 _c161719
_d161719